00780nam a22002057a 450000500170000001000130001702000220003003500130005203700480006508200130011310000170012624500700014326000720021327001940028530000710047950000060055065000060055665000060056270000060056820110826103328.0 aG-001056 c25.00a8180730204 aG-001056 bनालंदा प्रकाशनa  a616.9272 aअनिल aआंञ ज्वर (टायफाइड) /cअनिलb  a दिल्लीbनालंदा प्रकाशनc2009 a29/502, ईस्ट एण्ड अपार्टमैंटस, मयूर विहार एक्सटेंशन फेस-1b दिल्लीe110096cदिल्लीk  a16पृc21 सेमी (अजिल्द)bसचित्र a  a  a  a